Tìm hiểu Luật bảo vệ, chăm sóc và giáo dục trẻ em

محفوظ في:
التفاصيل البيبلوغرافية
مؤلف مشترك: Việt Nam (Cộng hòa Xã hội Chủ nghĩa)
مؤلفون آخرون: Nguyễn, Thành Long (Sưu tầm)
التنسيق: كتاب
اللغة:Vietnamese
منشور في: Hà Nội Lao động 2008
الموضوعات:
الوسوم: إضافة وسم
لا توجد وسوم, كن أول من يضع وسما على هذه التسجيلة!
Thư viện lưu trữ: Trung tâm Học liệu Lê Vũ Hùng, Trường Đại học Đồng Tháp
LEADER 01011aam a22002898a 4500
001 00028561
005 20171026081025.0
008 120329s2008 ||||||viesd
020 |c 15000 
041 0 # |a vie 
082 1 4 |a 342.597 08  |b T310H 
110 1 # |a Việt Nam (Cộng hòa Xã hội Chủ nghĩa) 
245 0 0 |a Tìm hiểu Luật bảo vệ, chăm sóc và giáo dục trẻ em  |c Nguyễn Thành Long (sưu tầm) 
260 # # |a Hà Nội  |b Lao động  |c 2008 
300 # # |a 88tr.  |c 24cm. 
650 # 4 |a Trẻ em  |x Văn bản pháp qui  |z Việt Nam 
653 # # |a Bảo vệ trẻ em 
653 # # |a Chăm sóc trẻ em 
653 # # |a Công tác xã hội 
653 # # |a Giáo dục trẻ em 
653 # # |a Pháp luật 
700 1 # |a Nguyễn, Thành Long  |e Sưu tầm 
852 # # |b Kho đọc  |j KD.0012793 
852 # # |j KD.0012793 
910 |d 29/03/2012 
980 # # |a Trung tâm Học liệu Lê Vũ Hùng, Trường Đại học Đồng Tháp